SUPREME COURT CIVIL APPEAL NO.17 Of 2002 1. Fr.Narsensio Begumisa 2. B.Ntimba 3. D Komunda 4. E Kamonda Vs Eric Tibebaga (Record no. 2395)
[ view plain ]
| 000 -LEADER | |
|---|---|
| fixed length control field | 00524nam a22001097a 4500 |
| 008 - FIXED-LENGTH DATA ELEMENTS--GENERAL INFORMATION | |
| fixed length control field | 110607t xxu||||| |||| 00| 0 eng d |
| 010 ## - LIBRARY OF CONGRESS CONTROL NUMBER | |
| LC control number | SCCAF:8 |
| 245 ## - TITLE STATEMENT | |
| Title | SUPREME COURT CIVIL APPEAL NO.17 Of 2002 1. Fr.Narsensio Begumisa 2. B.Ntimba 3. D Komunda 4. E Kamonda Vs Eric Tibebaga |
| 260 ## - PUBLICATION, DISTRIBUTION, ETC. (IMPRINT) | |
| Date of publication, distribution, etc | 2002 |
| 500 ## - GENERAL NOTE | |
| General note | Coram: Oder, Tsekooko, Karikora, Mulenga & Kato JJ.S.C |
| 500 ## - GENERAL NOTE | |
| General note | Appeal from the judgment of the court of appeal (Mpagi-Bahigeine, Berko and Engwau JJ.A.) at kampala, in civil Appeal No.47/2000, dated 2 july 2002 |
| Withdrawn status | Lost status | Source of classification or shelving scheme | Damaged status | Koha normalized classification for sorting | Not for loan | Location (home branch) | Sublocation or collection (holding branch) | Shelving location | Date acquired | Koha issues (times borrowed) | Koha full call number | Piece designation (barcode) | Koha date last seen | Price effective from | Koha item type |
|---|---|---|---|---|---|---|---|---|---|---|---|---|---|---|---|
| Dewey Decimal Classification | SCCAF_8B | Law Development Centre Main Library | Law Development Centre Main Library | Law Reports | 06/07/2011 | SCCAF:8b | 17/2002/1 | 06/07/2011 | 06/07/2011 | Un Reported Cases | |||||
| Dewey Decimal Classification | SCCAF_8B | Law Development Centre Main Library | Law Development Centre Main Library | Law Reports | 06/07/2011 | SCCAF:8b | 17/2002/2 | 06/07/2011 | 06/07/2011 | Un Reported Cases | |||||
| Dewey Decimal Classification | SCCAF_8B | Law Development Centre Main Library | Law Development Centre Main Library | Reference | 06/12/2015 | SCCAF:8B | 0323/2015 | 06/12/2015 | 06/12/2015 | Un Reported Cases |
